000 01010nam a2200313 i 4500
003 EG-GICUC
005 20260128224118.0
008 260128s1957 fr ||||fr ||| 00| 0 fre d
040 _aEG-GICUC
_cEG-GICUC
_dEG-GICUC
_erda
_bfre
041 0 _afre
082 0 4 _221
_a341.81
_bPR . R
092 0 4 _221
099 _aLaw1 12 341.81 PR . R 1957
100 1 _aA.DeLa Pradelle
_eAuteur
245 1 2 _aRecueil Des Arbitrages Internationaux .
_hTome Premier /
_cA.DeLa Pradelle .
250 _aDeuxième Édition
264 0 _aParis :
_bLes Editions Internationales ,
_c1957 .
300 _a863 Pages ;
_c30 cm.
_billustration ;
336 _atext
_2rda content
337 _aComputer
_2rda media
338 _aOnline Resource
_2rda carrier
546 _aTexte en français
650 0 4 _aDroit international privé
650 0 4 _aNationalité - Droit International
700 1 _aN.Politis
_eAuteur
856 _uhttps://fll.law.cu.edu.eg/fulltext/th/B12-02189.pdf
905 _a59
942 _2ddc
_cBK
_e21
_n0
999 _c60013
_d60013